00254 a2200109 4500001000700000040003500007100002300042240003200065245002700097362000900124440001100133152960 cEscola São Tomás de Aquino aMACHADO, Ana Maria10aBrincadeira de sombralpor10aBrincadeira de sombra0 a2003 1aGlobal